000 01155nam a22003497a 4500
003 CHAP
005 20220329133629.0
008 971013s1974 r 00010 d
010 _a8795
011 _a9767
035 _a9002
040 _cCHAP
082 _a531
_bM48Y 1985
100 0 0 _aMesherski, I.
_975122
245 _aProblemas de mecánica teórica
260 _aMoscú :
_bMir,
_c1974
300 _a559 p.
_b: ilus
500 _aTrad. de la 2 ed. en ruso de 1985?
590 _aBATCH-UPD
_b10
_c20130110
_lUCH01
_h1748
590 _aBATCH-UPD
_b10
_c20130410
_lUCH01
_h1126
590 _aBATCH-UPD
_b10
_c20130914
_lUCH01
_h0939
590 _aCONVERSION
_b10
_c20130109
_lUCH01
_h1306
650 1 4 _aCinemática.
_923327
650 1 4 _aDinámica.
_932626
650 1 4 _aEstática.
_938334
650 1 4 _aMecánica.
_973810
901 _aBK
942 _cLIBRO
949 _a531 M48Y 1985
_bBC
_cLIBRO
_d33724000273348
_eLIBRO
_fc.2
_gI.c/e
_h77155
_i9002
_si
_t21.60
949 _a531 M48Y 1985
_bBC
_cLIBRO
_d33724000283990
_eLIBRO
_fc.3
_gI.c/e
_h77156
_i9002
_si
_t21.60
949 _a531 M48Y 1985
_bBC
_cLIBRO
_d33724000284006
_eLIBRO
_gI.c/e
_h77154
_i9002
_si
_t21.60
999 _c8795
_d8795